| 000 | 00000cam 2200000zi 4500 |
| 001 | 9.958243 |
| 003 | CaOODSP |
| 005 | 20251215133407 |
| 006 | m o d f |
| 007 | cr |n||||||||| |
| 008 | 251212e20250919onc obs f|0| 0 eng d |
| 040 | |aCaOODSP|beng|erda|cCaOODSP |
| 043 | |an-cn--- |
| 086 | 1 |aCS45-20-0004/2025-2E-PDF |
| 245 | 00|aRural Canada trade profiles metadata and user guide, 2024. |
| 264 | 1|a[Ottawa] : |bStatistics Canada = Statistique Canada, |cSeptember 19, 2025. |
| 264 | 4|c©2025 |
| 300 | |a1 online resource (6 pages). |
| 336 | |atext|btxt|2rdacontent |
| 337 | |acomputer|bc|2rdamedia |
| 338 | |aonline resource|bcr|2rdacarrier |
| 490 | 1 |aRural statistics in Canada |
| 500 | |aIssued also in French under title: Profils du commerce au Canada rural métadonnées et guide à l’usager, 2024. |
| 500 | |a"Release date: September 19, 2025." |
| 504 | |aIncludes bibliographical references. |
| 520 | |a"The Rural Canada Trade Profiles (RCTP) is a database that provides the number of goods-exporting and goods-importing establishments and trade values. The data are derived from the Statistics Canada Trade by Exporter Characteristics (TEC) - Goods and Trade by Importer Characteristics (TIC) - Goods programs. The RCTP database comprises data tables reporting on export and import activities and characteristics organized by location indicator (rural and small town area and functional urban area). Geographic levels include Canada, province and territories (grouped)"--Introduction, page 3. |
| 650 | 0|aCommerce|zCanada|vStatistics. |
| 650 | 0|aRural industries|zCanada|vDatabases. |
| 655 | 7|aStatistics|2lcgft |
| 710 | 2 |aStatistics Canada, |eissuing body. |
| 775 | 08|tProfils du commerce au Canada rural métadonnées et guide à l’usager, 2024.|w(CaOODSP)9.958244 |
| 830 | #0|aRural statistics in Canada.|w(CaOODSP)9.944075 |
| 856 | 40|qPDF|s216 KB|uhttps://publications.gc.ca/collections/collection_2025/statcan/45-20-0004/452000042025002-eng.pdf |
| 856 | 4 |qHTML|sN/A|uhttps://www150.statcan.gc.ca/n1/pub/45-20-0004/452000042025002-eng.htm |
| 986 | |a45-20-0004 |